Gimnasia atlética: ejercicios físicos, preparatorios para todo deportista

Na minha lista:
Detalhes bibliográficos
Main Authors: Strutz, Carlos (Author), Gevert, Erwin (Author)
Formato: Livro
Idioma:espanhol
Publicado em: Santiago Leblanc 1930
Assuntos:
Tags: Adicionar Tag
Sem tags, seja o primeiro a adicionar uma tag!

MARC

LEADER 00000nam a2200000 a 4500
001 UCU0600
003 CL-VaPUC
008 960322e19300000CL |||||||||||||||||spa|d
082 0 4 |a 613.71  |b STR  |2 21 
100 0 |a Strutz, Carlos  |e author  |9 355921 
700 0 |a Gevert, Erwin  |e author  |9 355922 
245 1 0 |a Gimnasia atlética: ejercicios físicos, preparatorios para todo deportista 
300 |a 106 p 
942 |c BK 
945 |d 19960322 00:00:00  |a paguirre 
260 |a Santiago  |b Leblanc  |c 1930 
650 0 |a Educación física  |9 240893 
650 7 |a EJERCICIO  |2 CL-VaPUC  |9 310040 
650 7 |a DEPORTE  |2 CL-VaPUC  |9 355923 
650 7 |a GIMNASIA  |2 CL-VaPUC  |9 307275 
583 |a last modification  |c 19960322 00:00:00  |k Rodrigo Vera 
999 |c 245440  |d 245438 
952 |0 0  |1 0  |4 0  |6 613_710000000000000_STR_1930  |7 0  |8 P  |9 259947  |a BIBEDU  |b BIBEDU  |c BIBEDU_PB  |d 2019-11-19  |i 1636065  |o 613.71 STR 1930  |p 1636065  |r 2024-01-25  |w 2019-11-19  |y BK  |k EDU